00309pab a2200121 454500008004000000100001600040245003500056260000900091300001100100362001400111650004400125773001800169180718b1982 xxu||||| |||| 00| 0 eng d aSingh, S.N. aSurvey report on bonded labour c1982 a945-50 aOct.-Dec. aLabour, Bonded - India - Madhya Pradesh aAdministrator